000 00747nam a2200193Ia 4500
008 0000001964 ag a 0000000000spa00
090 _aPSP00 P25j
100 1 _aPenrose, Roland
245 1 0 _aJuan Miró
_c/ monografías por Sir Roland Penrose ; traducción por Angel Sánchez Gijón ; enfoque de actualidad por Jorge Larco
440 _aPinacoteca de los Genios ; 136
500 _aCon el patronazgo de la empresa colombiana PLARESA
600 0 0 _aMIRO, JOAN, 18931983/
_xTRABAJOS PICTORICOS
650 1 4 _aARTE CONTEMPORANEO ESPAÑOL
650 1 4 _xCATALOGOS
650 1 4 _aPINTORES ESPAÑOLES
650 1 4 _aPINTURA ESPAÑOLA
700 1 _aSánchez Gijón, Angel, tr. \ Larco, Jorge
999 _c7745
_d7745
260 _aBuenos Aires : Codex
_c1964